[Event "Pamplona 9192 2nd"]
[Site "Pamplona"]
[Date "1991.??.??"]
[Round "7"]
[White "Ehlvest, Jaan"]
[Black "Illescas Cordoba, Miguel"]
[Result "1-0"]
[WhiteElo "2605"]
[BlackElo "2545"]
[Annotator "Anand,V"]
[PlyCount "73"]
[EventDate "1991.12.??"]
[EventType "tourn"]
[EventRounds "9"]
[EventCountry "ESP"]
[EventCategory "13"]
[SourceTitle "CBM 028"]
[Source "ChessBase"]
[SourceDate "1992.06.01"]
[SourceVersion "1"]
[SourceVersionDate "1992.06.01"]
[SourceQuality "1"]

1. Nf3 d5 2. c4 c6 3. d4 Nf6 4. e3 e6 (4... Bf5 {is the common move here but
for players who don't mind the QGA...}) 5. Bd3 (5. Nbd2 $5 {Could still force
meran type positions but Ehlvest is himself a QGA player}) 5... dxc4 6. Bxc4 c5
7. Qe2 a6 8. dxc5 Bxc5 9. O-O O-O (9... Nc6 10. e4 Qc7 {Might be more accurate}
11. e5 Ng4 12. Bf4 f6 13. Nbd2) 10. e4 b5 (10... Nc6 11. e5 Nd7) 11. Bd3 e5 (
11... Bb7 12. e5 Nfd7 13. Bxh7+ Kxh7 14. Ng5+) 12. a4 Bb7 13. axb5 axb5 14.
Rxa8 Bxa8 15. Bg5 $1 {Now Black has to make some awkward concessions} h6 16.
Bh4 Qd6 17. Rd1 (17. Bxf6 Qxf6 18. Bxb5) 17... b4 18. Nbd2 $16 Nc6 19. Nb3 Nd4
(19... Bb6 20. Bc4 Qe7) 20. Nfxd4 Bxd4 21. Bb1 Re8 22. Nxd4 exd4 23. f3 Bb7 24.
Qd2 Rd8 25. Bf2 Qc5 26. Qc2 {The pawn isn't going anywhere} Qe5 27. Bg3 Qb5 28.
Qd3 Qxd3 29. Bxd3 {The ending is fairly simple due to the weaknesses of the d4
and b4 pawns} Nh5 30. Be5 g5 31. Bc4 Nf4 32. Rxd4 Rc8 33. Bxf4 gxf4 34. e5 Rc5
35. Rxf4 Rxe5 36. Bxf7+ Kg7 37. Kf2 1-0

[Event "Moscow op 01st"]
[Site "Moscow"]
[Date "2005.02.26"]
[Round "3"]
[White "Atalik, Suat"]
[Black "Tarlev, Konstantin"]
[Result "1/2-1/2"]
[WhiteElo "2560"]
[BlackElo "2376"]
[Annotator "Atalik,S"]
[PlyCount "99"]
[EventDate "2005.02.25"]
[EventType "swiss"]
[EventRounds "9"]
[EventCountry "RUS"]
[SourceTitle "CBM 106"]
[Source "ChessBase"]
[SourceDate "2005.06.06"]
[SourceVersion "1"]
[SourceVersionDate "2005.06.06"]
[SourceQuality "1"]

1. d4 d5 2. c4 dxc4 3. Nf3 Nf6 4. e3 e6 5. Bxc4 c5 6. Qe2 {The Furman System.
Usually black does not allow this by using a different move order.} cxd4 7.
exd4 Be7 (7... Nc6 8. O-O Nxd4 $6 {It is risky to go for the pawn.} 9. Nxd4
Qxd4 10. Rd1 Qb6 (10... Qc5 11. Bb5+ Bd7 12. Bxd7+ Nxd7 13. Nc3 Be7 14. Be3 Qf5
15. Nb5 $40) 11. Bb5+ Bd7 12. Bxd7+ Nxd7 13. Nc3 Be7 14. Be3 Qa5 15. Qf3 $40)
8. O-O O-O 9. Nc3 Nc6 10. Rd1 Nd5 $6 {He plays the opening omitting a6 and a4.
Now white should simply be better since he does not have any weakness and more
room to operate for his pieces on the queenside.} ({It was not too late for.} 
10... Na5 11. Bd3 b6 12. Qe5 $5 $36 {Atalik-Komarov,Uljcinj(Yugo Cup) 1999.})
11. a3 $1 {The most consequent move.} ({I do not really believe in white's
attacking prospects after} 11. Bd3 Ncb4 12. Bb1 Nf6 13. Ne5 Bd7 14. Bg5 Nbd5
15. Rd3 Rc8 16. Rh3 (16. Rg3 Re8) 16... g6 $13) ({Jansa's line with a4 and a6
included is not effective because} 11. Bd2 b6 12. Ne5 {after} Bb7 {a6 pawn is
not hanging.}) 11... b6 $6 (11... Bf6) ({or} 11... Qd6 {looked logical.}) 12.
Qe4 $5 (12. Bxd5 $6 {Taking the pawn gives black counterplay.} exd5 13. Qb5 Bb7
14. Nxd5 Bd6 15. Ne3 Re8 16. Qh5 g6 $44) ({However just like in
Botvinnik-Alekhine,AVRO 1938 exchanging on d5 brings an unpleasant position
for black.} 12. Nxd5 exd5 13. Bb5 Bd7 (13... Bb7 14. Bf4 $16) 14. Bf4 Na5 15.
Ba6 Re8 16. Qd3 $16) 12... Nxc3 13. bxc3 Bb7 {Now we have some sort of QID
petrosian System or Semi-Slav type of position over the board.} 14. Bd3 g6 15.
Bh6 {A natural move.} (15. Qe3 Na5) (15. Bb2 Na5 16. Qe2 $1 (16. Qg4 $6 Rc8 17.
Nd2 (17. Ne5 Bd6 18. Re1 Bxe5 19. Rxe5 Nc4 20. Bxc4 Rxc4) 17... Bd5 $132) 16...
Rc8 17. Nd2 $14 (17. Ne5 Bd6 18. f4 Bxe5 19. fxe5 Bd5 $132)) 15... Re8 16. h4
$5 {Not to move the queen from the center looked like a great idea.} Bf8 (16...
Na5 17. Qf4 Bd6 (17... Qd6 $2 18. Ne5 f6 19. Qg4 $18) 18. Ne5 Qe7 (18... f6 $2
19. Qg4) 19. Bg5 $1 (19. h5 f6 20. hxg6 fxe5 21. gxh7+ Kh8 22. dxe5 Bc5 23. Bg5
Rf8 24. Bf6+ Rxf6 25. exf6 Qf7 $13) 19... Qc7 20. h5 $40) 17. Bxf8 $6 {I
should have never exchanged bishops!} (17. Bg5 $142 $1 Qc7 $1 (17... Be7 18.
Qf4 $40) (17... Qc8 18. Qf4) 18. Bf4 Qc8 $1 (18... e5 19. dxe5 Na5 20. Qe2 $14)
19. Qe2 $1 (19. Qe3 $6 Ne7 20. c4 Nf5 $15) 19... Na5 (19... Ne7 20. Bd2 $1 $40)
20. Be5 Nc6 $1 (20... Qxc3 $2 21. Rdc1 Qb3 22. Nd2 Qd5 23. Be4 Qd8 24. Qf3 Bd5
25. Rc7 Be7 26. Bxd5 exd5 (26... Qxd5 $2 27. Rxe7 $18) 27. Rac1 $16) 21. Bf6
$40) 17... Rxf8 18. Qf4 (18. h5 $6 Qf6) 18... Ne7 $1 19. c4 (19. h5 Nd5 20. Qh6
Qf6) 19... Qb8 $1 20. Qf6 Qd8 $1 21. Qf4 Qb8 {The first draw offer.} 22. Qe3
Qd6 $132 {Things are not very simple anymore. White has to be careful because
of his overextended pawn structure.} 23. Ng5 $6 {This misplaces the knight.} (
23. Ne5 Rad8 (23... Nc6 24. Be4) 24. Be4 Nf5 (24... Bxe4 25. Qxe4 Nf5 26. Nc6
$14) 25. Bxf5 exf5 26. h5 f6 27. Nf3 g5 28. d5 Rfe8 29. Qb3 Re4 30. Nd4 Bc8
$132) ({I was afraid of the minor piece exchange.} 23. h5 $142 $1 Bxf3 $1 24.
Qxf3 Kg7 25. Be4 Rad8 26. Rac1 $40) 23... Rad8 24. Be4 Nf5 $1 25. Bxf5 exf5 26.
f3 $6 (26. h5 Rfe8 27. Qh3 Re7 (27... Qf4 $4 28. hxg6) 28. hxg6 fxg6 29. d5 Ba6
30. Rac1 Rc8 31. Qb3 Rec7 32. Rd4 b5 33. Ne6 Rxc4 34. Rdxc4 bxc4 35. Qc3 $44)
26... Rfe8 27. Qf2 $2 {This was too much for my poor position to handle.} (27.
Qd2 Ba6 (27... Qg3 $2 28. Qf2 Qf4 29. Nh3) 28. Rac1 $13 {and white is ready
for Nh3-f4.}) 27... Ba6 28. Rac1 (28. c5 bxc5 29. dxc5 Qxd1+ 30. Rxd1 Rxd1+ 31.
Kh2 Re2 32. Qg3 Rdd2 33. Qb8+ Kg7 $19 {is very unpleasant for white.}) 28...
Qxa3 $1 29. h5 $2 {From now on things will go downhill.} ({I have rejected this
} 29. Ra1 Qb3 30. Rdb1 Qxc4 31. Rc1 Qd3 32. Rd1 (32. Qa2 $2 Qxd4+ $19) 32...
Qe2 33. Rd2 Qxf2+ ({because of the draw!} 33... Qc4 $2 34. Rc2 $11) 34. Kxf2
Bc4 35. Rxa7 b5 36. Nh3 $17) 29... h6 30. Nh3 g5 $19 31. Kh1 ({Avoiding} 31.
Qd2 Qe3+) 31... Qb3 $5 (31... f4 32. Qc2 Bc8 33. Nf2 $17) (31... Qe3 $142 32.
Qa2 g4 $19) 32. Qg3 {The only chance was to scare him with a swindle.} f4 $1 (
32... Bxc4 $2 33. Nxg5 hxg5 34. Qxg5+ Kh7 35. Qxf5+ Kg7 36. Qg5+ {After this
black has to take a draw!} Kf8 $5 (36... Kh7 $11) 37. Re1 $1 (37. Qh6+ Ke7 38.
d5 $1 Rd6 39. Qf4 Kd7 40. Qg4+ Kd8 41. Qh4+ f6 42. Qxc4 Qxc4 43. Rxc4 $15)
37... Qb5 38. Re5 $1 Rxe5 39. dxe5 Rd5 $2 (39... Re8 40. f4 Qc6 41. Rxc4 Qxc4
42. Qh6+ $11) 40. f4 Rd3 41. h6 Qd5 42. Qg7+ $1 (42. Qg4 $2 Qe4 43. Rxc4 Qxc4
44. h7 Rh3+ 45. Qxh3 Qc1+ 46. Kh2 Qxf4+ 47. Kg1 Qd4+ 48. Kf1 Qd1+ $11) 42...
Ke7 43. Qg4 Qe4 44. Qh4+ $18) 33. Nxf4 Bxc4 34. Nh3 Be6 $1 35. Nf2 ({No
perpetual after} 35. Nxg5 $2 hxg5 36. Qxg5+ Kh7 $19) 35... Bf5 $1 36. Rc6 Re6
$5 $138 (36... Kg7 37. Kg1 Re2 $19) 37. Qc7 Rxc6 $1 {Black strikes back!} (
37... Rd7 $2 38. Qxd7 Re1+ 39. Rxe1 Bxd7 40. Rc7 Qb4 41. Re4 $132) 38. Qxd8+
$138 {heading for the swindle.} (38. Qxc6 Be6 $19 (38... Kg7 39. Qc7 Re8 40.
Qxa7 Re2 $17)) 38... Kg7 39. d5 $5 (39. Re1 Re6 40. Rxe6 Bxe6 41. Ne4 Qd5 42.
Qf6+ Kh7 43. Nc3 Qf5 $19) 39... Rc2 40. Re1 $5 {Objectively this is a losing
move. However in a practical game this was my only chance!} (40. Qe7 Qb2 41.
Rf1 Re2 42. Qc7 a5 $19) 40... Rxf2 41. Re8 Qb1+ $2 {Black's queen should be
posted on a1-h8 diagonal but he rather had to do it via d4.} (41... Bh7 $4 42.
Qd6 Qd1+ 43. Kh2 Qxf3 44. Qf8+ Kf6 45. Re6+ Kf5 46. Qxf7+ Kg4 47. Qxf3+ Rxf3
48. gxf3+ Kxf3 49. Rf6+ Ke4 50. d6 Bf5 51. Rxf5 $18) (41... Qd1+ $1 42. Kh2 Qd4
43. Qe7 Qh4+ 44. Kg1 Rxg2+ 45. Kxg2 Bh3+ 46. Kh2 Bd7+ $19) 42. Kh2 Qb2 $1 $19
43. Qd6 $8 (43. Qc7 Bd7) 43... Rxg2+ $2 {An unnecessary capture.} (43... Kh7
44. Rf8 (44. Re7 Qg7 45. Qc7 Rc2 $1 46. Qxa7 g4 $19) (44. Kh1 Bh3 $19) 44...
Qg7 45. Qe7 Re2 $1 $19 {wins right away.}) 44. Kh1 Bh3 $2 {Kid has banged this
accompanied with his second draw offer. I was keeping my calm for sometime but
then I burst out my anger in several different languages to this at least kept
his annoying people away from the board.} (44... Kh7 45. Re7 (45. Rf8 Rh2+ 46.
Qxh2 Qa1+ 47. Qg1 Qf6 $17) 45... Kg7 46. Re8 $11) (44... Rh2+ $1 45. Qxh2 Qc3
46. Qe5+ Qxe5 47. Rxe5 Kf6 48. Re1 a5 49. d6 a4 50. Re7 b5 51. Rb7 Bd3 $19 {
was the last chance to repair the previous mistakes.}) 45. Qf8+ Kf6 46. Qe7+ (
46. Qd6+ $5 Kg7 $11 (46... Kf5 47. Qd7+ Kf6 $11 (47... Kf4 48. Qxh3 $18)))
46... Kg7 {Now the kid started to laugh histerically. I ended the circus by
delivering perpetual.} 47. Qf8+ Kf6 48. Qe7+ Kg7 49. Qf8+ Kf6 50. Qe7+ 1/2-1/2

[Event "EU-ch 2nd"]
[Site "Ohrid"]
[Date "2001.06.05"]
[Round "5"]
[White "Roeder, Mathias"]
[Black "Kocovski, Ivan"]
[Result "1-0"]
[WhiteElo "2459"]
[BlackElo "2324"]
[Annotator "Atlas,V"]
[PlyCount "79"]
[EventDate "2001.06.01"]
[EventType "swiss"]
[EventRounds "13"]
[EventCountry "YUG"]
[SourceTitle "CBM 084"]
[Source "ChessBase"]
[SourceDate "2001.09.13"]
[SourceVersion "1"]
[SourceVersionDate "2001.09.13"]
[SourceQuality "1"]

1. d4 d5 2. c4 dxc4 3. e3 Nf6 4. Bxc4 e6 5. Nf3 c5 6. O-O Nc6 7. Qe2 cxd4 8.
Rd1 Be7 9. Nxd4 Nxd4 10. exd4 O-O 11. Nc3 Nd5 12. Qf3 Nxc3 13. bxc3 Qc7 14. Bd3
Bd7 15. Bf4 Qc8 16. Be5 f6 17. Qh5 f5 18. c4 Bc6 19. Qe2 Qe8 20. Rab1 Qf7 21.
Bc2 $1 {[%cal Gc2b3,Gb3g8,Gd4d5]} Rfd8 22. Bb3 Kf8 $2 23. d5 $1 {After this
pawn thrust White gets a decisive advantage.} exd5 24. cxd5 Bxd5 25. Rxd5 $1
Rxd5 26. Bxg7+ $1 {[%csl Rd5,Re7][%cal Gb3f7,Ge2e7]} Qxg7 27. Bxd5 Rd8 28. Bxb7
Kg8 29. g3 Kh8 30. Rb5 Rf8 31. Bd5 f4 $6 32. Rb7 $1 fxg3 33. hxg3 Qa1+ 34. Kg2
Bc5 {[%tqu "En","Black's king is in bad shape. How to finish it off?","Try to
expose the enemy king even further.","Consider the rook sacrifice, which will
allow you to bring your queen into action.","b7h7","After this nice rook
sacrifice mate is inevitable.",4]} 35. Rxh7+ $1 {[%csl Rh8][%cal Ge2h5] This
rook sacrifice leads to an elegant mate final.} Kxh7 36. Qh5+ Kg7 37. Qg5+ Kh7
({Or} 37... Kh8 38. Qh6#) 38. Be4+ Kh8 39. Qh6+ Kg8 40. Qh7# 1-0

[Event "USA-ch"]
[Site "Seattle"]
[Date "2003.01.11"]
[Round "3"]
[White "Muhammad, Stephen A"]
[Black "Mulyar, Michael A"]
[Result "1-0"]
[WhiteElo "2368"]
[BlackElo "2446"]
[Annotator "Atlas,V"]
[PlyCount "81"]
[EventDate "2003.01.09"]
[EventType "swiss"]
[EventRounds "9"]
[EventCountry "USA"]
[SourceTitle "CBM 093"]
[Source "ChessBase"]
[SourceDate "2003.04.01"]
[SourceVersion "1"]
[SourceVersionDate "2003.04.01"]
[SourceQuality "1"]

1. d4 d5 2. Nf3 Nf6 3. c4 dxc4 4. e3 e6 5. Bxc4 c5 6. Qe2 a6 7. dxc5 Bxc5 8.
O-O b5 9. Bd3 Nbd7 10. e4 e5 11. Bg5 O-O 12. Nc3 h6 13. Bh4 Bb7 14. Rfd1 Qe7
15. Nd2 Ba7 16. Nf1 g5 17. Bg3 b4 18. Na4 Bc6 19. b3 h5 20. h4 Ng4 21. hxg5
Qxg5 22. Qd2 Qf6 23. Nh2 Nxh2 24. Bxh2 Kh8 25. Qe2 Qg5 26. Qd2 Qf6 27. Qe2 Qg5
28. Rac1 Rg8 29. Qf3 Bxa4 30. bxa4 Nf6 31. Rc7 Rg7 32. Qh3 Ng4 33. Bg3 Bd4 34.
Be2 Rh7 35. Qh4 Qg6 {More prudent was to exchange the queens, although White
would keep an edge in the ending anyway.} 36. Rd7 Rf8 37. Qe7 Qh6 (37... Kg8 {
fails to} 38. R1xd4 exd4 39. Bd6) 38. R1xd4 $1 {[%csl Re5,Rg4,Rh8][%cal Gg3e5,
Ge2g4] Eliminating Black's most active and useful piece and launching the
decisive phase of attack on the black king.} exd4 {[%tqu "En","White's pieces
are very active. How can he decide the game?","Use a shaky position of the
f8-rook.","Try to deflect the black queen.","g3f4","This bishop move spells a
quick end for Black.",5]} 39. Bf4 $1 {[%csl Rf8,Rh6][%cal Ge7f8]} Qg7 ({
A classical example of deflection. The bishop is invulnerable:} 39... Qxf4 40.
Qxf8#) 40. Bxg4 f6 (40... hxg4 {loses after} 41. Be5 f6 42. Bxf6 Rxf6 (42...
Qxf6 43. Qxh7#) 43. Rd8+) 41. Qc5 $1 {[%csl Rf8,Rg7,Rh5,Rh7,Rh8][%cal Gd7h7,
Gc5h5,Gc5f8]} (41. Qc5 {, and Black resigned in view of:} Qg8 42. Rxh7+ Kxh7 (
42... Qxh7) 43. Qxh5+ Kg7 44. Bh6+) 1-0

[Event "Linares zt"]
[Site "Linares"]
[Date "1995.??.??"]
[Round "11"]
[White "Wells, Peter K"]
[Black "Magem Badals, Jordi"]
[Result "1-0"]
[WhiteElo "2545"]
[BlackElo "2560"]
[Annotator "Baburin,A"]
[PlyCount "79"]
[EventDate "1995.11.??"]
[EventType "swiss"]
[EventRounds "11"]
[EventCountry "ESP"]
[SourceTitle "CBM 051"]
[Source "ChessBase"]
[SourceDate "1996.04.01"]
[SourceVersion "1"]
[SourceVersionDate "1996.04.01"]
[SourceQuality "1"]

1. d4 {Giese} d5 2. c4 dxc4 3. Nf3 Nf6 4. e3 e6 5. Bxc4 c5 6. Qe2 cxd4 7. exd4
Be7 8. O-O O-O 9. Nc3 a6 10. Bg5 b5 11. Bb3 Bb7 12. Rfe1 Nc6 13. Rad1 {I have
reffered to this position in CBM-49, when I showed the game Andersson-Karpov,
1995, in which Black got into deep trouble after 13...Nb4? 14.d5! Another move
of the same Knight - 13...Na5? 14.d5 leads to problems too (Boleslavsky-Kotov,
Zurich, 1953). In this game GM Magem employs the move, which he had tried
successfully before.} Nd5 14. Bxd5 (14. Nxd5 Bxg5 15. Nb6 {Recommended by D.
Bronstein in his excellent book about the candidates tournament of 1953, the
point is to clear the d5-square for the further d4-d5, however this particular
idea isn't sound.} Nxd4 $1 16. Nxd4 Qxb6 17. Qg4 Bf6 18. Nxe6 Bc8 $1 {0-1,
Shamkovich-Dlugy, New York, 1986.}) 14... Bxg5 15. Be4 Bh6 16. a4 $1 {White
weakens Black's position on the Queenside, before advancing the central pawn.}
(16. d5 exd5 17. Nxd5 g6 18. h4 Re8 19. Nh2 $6 Bg7 $13 {Izeta-Magem, Spain,
1995.}) 16... bxa4 (16... b4 17. d5 $1 exd5 18. Nxd5 $16) 17. Nxa4 Ra7 18. Nc5
Ba8 {[#]} 19. Nxe6 $1 {[%cal Ge2e8]} fxe6 20. Bxc6 Bxc6 21. Qxe6+ Raf7 22. Qxc6
$18 {[%csl Gc6,Gd1,Gd4,Ge1][%cal Yd4d5,Yd5d6] Giese} Rxf3 {in my opinion the
best practical chance Giese: m.E. noch die beste praktische Möglichkeit} 23.
gxf3 Bf4 {[%csl Rh2][%cal Yd8h4]} (23... Qg5+ {Giese} 24. Kh1 Qh4 25. Qe6+ Kh8
26. Qf7 {[%cal Ye1e8]} Qd8 27. Qe7 $18) 24. Qe6+ Kh8 25. Qe7 Qb8 26. Re4 Bxh2+
27. Kg2 Bd6 28. Qe6 h6 29. Rh1 Bf4 30. Rh5 Bg5 31. Rg4 Bf6 32. d5 Qxb2 33. Rg6
Qb7 34. Qg4 Kh7 35. Qe4 Kh8 36. Qg4 Kh7 37. Qe4 Kh8 38. d6 Qf7 39. Rh1 Re8 40.
Rxf6 1-0

[Event "YUG Cup"]
[Site "Ulcinj"]
[Date "1998.??.??"]
[Round "4"]
[White "Atalik, Suat"]
[Black "Komarov, Dimitri"]
[Result "1/2-1/2"]
[WhiteElo "2595"]
[BlackElo "2580"]
[Annotator "Bulletin"]
[PlyCount "105"]
[EventDate "1998.??.??"]
[EventType "team"]
[EventRounds "7"]
[EventCountry "YUG"]
[SourceTitle "EXT 1999"]
[Source "ChessBase"]
[SourceDate "1998.11.16"]
[SourceVersion "1"]
[SourceVersionDate "1998.11.16"]
[SourceQuality "1"]

1. Nf3 d5 2. d4 Nf6 3. c4 dxc4 4. e3 e6 5. Bxc4 c5 6. O-O Nc6 7. Qe2 cxd4 8.
Rd1 Be7 9. exd4 O-O 10. Nc3 Na5 11. Bd3 b6 12. Qe5 Nc6 13. Qg3 Nh5 14. Qg4 Nf6
15. Qh4 Nb4 16. Bb1 Bb7 17. Bg5 g6 18. Be4 Bxe4 19. Nxe4 Nbd5 20. Nc3 Rc8 21.
Rac1 Qd6 22. Ne5 a6 23. Nxd5 Nxd5 24. Bxe7 Qxe7 25. Qxe7 Nxe7 26. Nd7 Rxc1 27.
Rxc1 Rc8 28. Rxc8+ Nxc8 29. b4 Kg7 30. Kf1 a5 31. bxa5 bxa5 32. Ke2 f6 33. Nc5
Kf7 34. Kd3 Ke7 35. Nb7 a4 36. Kc4 a3 37. Kb4 Na7 38. Na5 Kd6 39. Kxa3 Kd5 40.
Nb3 Kc4 41. Ka4 h5 42. Ka5 Nc8 43. Ka6 Nd6 44. Kb6 Ne4 45. Nc5 Nxf2 46. a4 e5
47. a5 e4 48. Nxe4 $2 (48. a6 e3 49. a7 e2 50. a8=Q e1=Q 51. Qa4+ Kd5 $8 52.
Qc6+ $16) 48... Nxe4 49. Kc6 Nc3 $1 50. a6 $8 Nb5 $8 51. d5 $8 Na7+ $8 52. Kd6
(52. Kb7 Nb5 53. Kc6 $11) 52... Kd4 53. Ke6 1/2-1/2

[Event "Politiken Cup 18th"]
[Site "Copenhagen"]
[Date "1996.??.??"]
[Round "5"]
[White "Wells, Peter K"]
[Black "Maksimenko, Andrei"]
[Result "0-1"]
[WhiteElo "2495"]
[BlackElo "2545"]
[Annotator "Chekhov,V"]
[PlyCount "44"]
[EventDate "1996.06.??"]
[EventType "swiss"]
[EventRounds "11"]
[EventCountry "DEN"]
[SourceTitle "CBM 054"]
[Source "ChessBase"]
[SourceDate "1996.10.01"]
[SourceVersion "1"]
[SourceVersionDate "1996.10.01"]
[SourceQuality "1"]

1. d4 {Ftacnik} d5 2. c4 dxc4 3. Nf3 Nf6 4. e3 e6 5. Bxc4 c5 6. Qe2 a6 7. dxc5
Bxc5 8. e4 b5 (8... Nc6 9. O-O b5 10. Bb3 e5 11. Bg5 Qd6 12. Rd1 Bd4 13. a4 $14
{Horvath,C-Jonkman,H/NED/1993/1|0/34/}) (8... Qc7 9. O-O Ng4 10. Nc3 Nc6 11. g3
b5 12. Bb3 Bb7 13. Bf4 Qb6 14. Rad1 Ne7 $132 {Mikhalevski,V-Ezsol,M/Mamia/1991/
1|0/61/}) 9. Bb3 $6 (9. Bd3 Nc6 10. Nbd2 e5 11. O-O O-O 12. Nb3 Bb6 13. Be3 Bg4
14. Rfd1 Bxe3 15. Qxe3 Qe7 16. Rac1 Rac8 $14 {Najdorf,M-Rossetto,H/Mar del
Plata/1961/1|0/42/}) (9. Bd3 $142 {Ftacnik}) 9... Bb7 10. Bc2 Nc6 (10... Nbd7
11. O-O Qb8 12. Nbd2 O-O 13. e5 Ng4 14. Ne4 Ngxe5 15. Bf4 Nxf3+ 16. Qxf3 Qa7
17. Qh3 Bd4 18. Nc5 Nf6 19. Nd7 Rfd8 20. Nxf6+ Bxf6 21. Be3 Bd4 22. Qxh7+ Kf8
23. Qh8+ Ke7 24. Qh4+ Ke8 25. Qh8+ Ke7 26. Bg5+ Bf6 27. Qxg7 {1-0 Sadler,
M-Brunner,L/Bern Cup (01)/1996/ (43)}) 11. Nbd2 Qc7 12. O-O (12. Nb3 {Ftacnik}
Bd6 13. Bd2 Nb4 $15) 12... Rc8 13. e5 (13. Nb3 Bd6 14. Bg5 (14. Rd1 $10 {
Ftacnik}) 14... Ne5 15. Rac1 Nxf3+ 16. Qxf3 Bxh2+ 17. Kh1 Be5 $17) 13... Nd4
14. Nxd4 (14. Qd1 {Ftacnik} Nxc2 15. Qxc2 Bxf2+ $19) 14... Bxd4 15. exf6 (15.
Bb3 {Ftacnik} Bxe5 $17) 15... Qxc2 16. fxg7 Rg8 $17 17. Qh5 $6 (17. Re1 Rxg7
18. Ne4 Bxe4 19. Qxe4 Bxf2+ $19) (17. Kh1 $5 Rxg7 (17... Bxb2 {Ftacnik} 18.
Bxb2 Qxb2 19. f3 Rc2 20. Rfd1 Qxg7 $17) 18. f3 $17) 17... Rxg7 18. Nf3 (18. g3
Qc6 $19) 18... Qe2 19. Bg5 (19. Bh6 {Ftacnik} Bxf3 20. Bxg7 Bxh5 $19) 19...
Bxf3 20. gxf3 Bf6 21. h4 (21. Rfe1 {Ftacnik} Rxg5+ 22. Qxg5 Qxe1+ 23. Rxe1 Bxg5
$19) 21... Bxg5 22. hxg5 Rc5 (22... Rc5 23. Qh3 (23. Kh2 {Ftacnik} Rgxg5 24.
Qxh7 Rh5+ $19) 23... Rgxg5+ 24. Kh1 Rh5 $19) 0-1

[Event "Yerevan op"]
[Site "Yerevan"]
[Date "1996.??.??"]
[Round "8"]
[White "Wojtkiewicz, Aleksander"]
[Black "Yakovich, Yuri"]
[Result "1/2-1/2"]
[WhiteElo "2550"]
[BlackElo "2540"]
[Annotator "Chekhov,V"]
[PlyCount "74"]
[EventDate "1996.??.??"]
[EventType "swiss"]
[EventRounds "11"]
[EventCountry "ARM"]
[SourceTitle "CBM 052 Extra"]
[Source "ChessBase"]
[SourceDate "1996.07.01"]
[SourceVersion "1"]
[SourceVersionDate "1996.07.01"]
[SourceQuality "1"]

1. Nf3 d5 2. d4 Nf6 3. c4 dxc4 4. e3 e6 5. Bxc4 c5 6. Qe2 a6 7. dxc5 Bxc5 8.
O-O b5 9. Bd3 Nc6 10. Nbd2 Bb7 11. e4 (11. Rd1 $5 Be7 12. Nb3 Qc7 13. Bd2 Ne5
14. Nxe5 Qxe5 15. Na5 Be4 16. Bc3 Qg5 17. Bxe4 Nxe4 $10 {Bareev,E-Ehlvest,J/
Tallinn/1988/0|1/35/}) (11. Ne4 Be7 12. Rd1 Qb6 13. Bd2 O-O 14. Rac1 h6 15. Ng3
Rfd8 16. Bb1 Nd7 17. e4 Bc5 18. e5 Nd4 19. Nxd4 Bxd4 20. Bxh6 Bxf2+ $10 {
Malaniuk,V-Ehlvest,J/Moscow/1988/0,5/27/}) 11... Nd7 12. Nb3 Bd6 13. Rd1 Qb8
14. Be3 O-O 15. Rac1 Rd8 $5 {N/} (15... Nce5 $5 16. Nxe5 Nxe5 17. Bc5 Rd8 18.
Bxd6 Rxd6 19. Qe3 Nc4 $10 {Ruban,V-Ehlvest,J/Novosibirsk/1993/0|1/62/}) 16. Bb1
Nde5 17. Nxe5 Nxe5 (17... Bxe5 18. g3 $16) 18. Bb6 (18. Na5 Nc4 19. Nxc4 Bxh2+
20. Kh1 Rxd1+ 21. Rxd1 bxc4 22. g3 (22. Qxc4 Be5 $10) 22... Bxg3 23. fxg3 Qxg3
$132) 18... Rc8 19. Rxc8+ Bxc8 20. Bd4 $14 Bb7 21. Na5 Bc7 22. Bxe5 (22. Nxb7
Qxb7 23. b3 $14) 22... Bxe5 23. Rd7 $5 (23. g3 $5 Bc7 24. Nxb7 Qxb7 25. e5 $14)
23... Qc8 $1 24. Qd1 (24. Rxb7 Qc1+ 25. Qf1 Bxh2+ $19) (24. Rd1 $10) 24... Bd5
$1 25. Rxf7 (25. exd5 Qxd7 26. Qh5 Qxd5 27. Qxh7+ Kf8 $19) 25... Kxf7 26. exd5
Qc5 27. Be4 (27. dxe6+ Kxe6 28. Qg4+ Ke7 29. Qg5+ Kd7 $17) (27. Qh5+ Kf8 $22
28. Qxe5 Qc1+ $19) 27... Kg8 28. Nc6 (28. dxe6 Rf8 29. Bf3 $13) 28... Rf8 (
28... Bf6 29. d6 $146) 29. Bf3 Bc7 30. b4 (30. dxe6 $2 Rxf3 $1 31. gxf3 Qxc6
32. e7 Kf7 (32... Qe8 33. Qd5+ Kh8 34. Qe6 $44) 33. Qd8 Qc1+ 34. Kg2 Qg5+ 35.
Kf1 Qxe7 $19) 30... Qd6 31. dxe6 Qxh2+ (31... Qxd1+ 32. Bxd1 Re8 33. Bb3 $10)
32. Kf1 Qh1+ 33. Ke2 Qxd1+ 34. Kxd1 Re8 35. Bd5 g6 36. e7+ Kg7 37. Be6 Kf6 (
37... Kf6 38. Bd7 Rxe7 39. Nxe7 Kxe7 $10) 1/2-1/2